PCI DESIGN HANDBOOK PRECAST PRESTRESSED CONCRETE (Registro nro. 35484)
[ vista simple ]
| 000 -LEADER | |
|---|---|
| fixed length control field | 00424nam a2200145 a 4500 |
| 001 - CONTROL NUMBER | |
| control field | 35484 |
| 005 - DATE AND TIME OF LATEST TRANSACTION | |
| control field | 20180714003833.0 |
| 008 - FIXED-LENGTH DATA ELEMENTS--GENERAL INFORMATION | |
| fixed length control field | 140415s1978 000 0 spa d |
| 041 ## - LANGUAGE CODE | |
| Language code of text/sound track or separate title | spa |
| 082 ## - DEWEY DECIMAL CLASSIFICATION NUMBER | |
| Classification number | 624.18 |
| Item number | PCI |
| 245 00 - TITLE STATEMENT | |
| Title | PCI DESIGN HANDBOOK PRECAST PRESTRESSED CONCRETE |
| 260 ## - PUBLICATION, DISTRIBUTION, ETC. | |
| Place of publication, distribution, etc. | [s.l.] : |
| Name of publisher, distributor, etc. | PRESTRESSED CONCRETE INSTITUTE, |
| Date of publication, distribution, etc. | 1978 |
| 300 ## - PHYSICAL DESCRIPTION | |
| Extent | 376 |
| 650 14 - SUBJECT ADDED ENTRY--TOPICAL TERM | |
| Topical term or geographic name entry element | CONCRETO PRESFORZADO |
| General subdivision | CONSTRUCCION |
| Withdrawn status | Lost status | Source of classification or shelving scheme | Damaged status | Not for loan | Collection code | Home library | Current library | Shelving location | Date acquired | Source of acquisition | Inventory number | Total Checkouts | Full call number | Barcode | Date last seen | Price effective from | Koha item type |
|---|---|---|---|---|---|---|---|---|---|---|---|---|---|---|---|---|---|
| Dewey Decimal Classification | General | Biblioteca Karol Wojtyla | Biblioteca Karol Wojtyla | Sala general | 03/12/2013 | Compra | 151000000000000000003929 | 624.18 PCI | 53581 | 05/01/2026 | 03/12/2013 | Libro |